[Event "CZE-ch U10 2020"]
[Site "Kouty nad Desnou"]
[Date "2020.03.11"]
[Round "6.9"]
[White "Melnikov, Ivan"]
[Black "Srba, Daniel"]
[Result "1-0"]
[WhiteElo "1253"]
[BlackElo "1145"]
[Annotator "NA RC"]
[PlyCount "68"]
[EventDate "2020.03.07"]
[EventCountry "CZE"]
[SourceTitle "playchess.com"]
[Source "ChessBase"]
[SourceQuality "1"]
[TimeControl "5400+30"]

1. e4 e5 {[%emt 0:00:00]} 2. Nf3 {[%emt 0:00:01]} Nc6 {[%emt 0:00:33]} 3. Nc3 {[%emt 0:00:29]} Nf6 {[%emt 0:01:42]} 4. d4 {[%emt 0:01:35]} exd4 {[%emt 0:06:19]} 5. Nxd4 {[%emt 0:00:31]} Bc5 {[%emt 0:04:05]} 6. Be3 {[%emt 0:01:26]} Bb6 {[%emt 0:02:10]} 7. Be2 {[%emt 0:03:34]} d5 {[%emt 0:07:07]} 8. Bb5 {[%emt 0:11:54]} Bd7 {[%emt 0:03:03]} 9. exd5 {[%emt 0:05:54]} Nxd4 {[%emt 0:00:50]} 10. Bxd7+ {[%emt 0:01:35]} Qxd7 {[%emt 0:00:21]} 11. Bxd4 {[%emt 0:00:15]} Bxd4 {[%emt 0:05:35]} 12. Qxd4 {[%emt 0:02:03]} O-O {[%emt 0:00:32]} 13. O-O {[%emt 0:01:28]} Rad8 {[%emt 0:00:09]} 14. Rad1 {[%emt 0:00:11]} c6 {[%emt 0:00:39]} 15. d6 {[%emt 0:00:24]} Ne8 {[%emt 0:01:15]} 16. Qc5 {[%emt 0:03:55]} Nxd6 {[%emt 0:07:56]} 17. Qxa7 {[%emt 0:02:22]} Nb5 {[%emt 0:01:19]} 18. Rxd7 {[%emt 0:02:09]} Nxa7 {[%emt 0:00:25]} 19. Rxb7 {[%emt 0:00:13]} Nc8 20. f4 {[%emt 0:04:06]} Rfe8 {[%emt 0:11:02]} 21. a4 {[%emt 0:00:56]} Rd2 {[%emt 0:00:31]} 22. a5 {[%emt 0:01:34]} Red8 {[%emt 0:05:43]} 23. a6 {[%emt 0:05:04]} R2d7 {[%emt 0:01:53]} 24. Ra1 {[%emt 0:02:40]} Na7 {[%emt 0:06:53]} 25. Rxd7 {[%emt 0:01:19]} Rxd7 {[%emt 0:02:16]} 26. Re1 {[%emt 0:00:03]} Kf8 {[%emt 0:00:08]} 27. Rd1 {[%emt 0:00:31]} Rxd1+ {[%emt 0:01:34]} 28. Nxd1 {[%emt 0:00:05]} Ke7 {[%emt 0:00:14]} 29. Nc3 {[%emt 0:00:17]} Ke6 {[%emt 0:01:54]} 30. Kf2 {[%emt 0:00:18]} Kf5 {[%emt 0:01:10]} 31. Ke3 {[%emt 0:00:04]} Ke6 {[%emt 0:01:15]} 32. Kd4 {[%emt 0:00:19]} f5 {[%emt 0:01:46]} 33. Kc5 {[%emt 0:01:50]} Kd7 {[%emt 0:01:05]} 34. Kb6 {[%emt 0:01:35]} Kd6 1-0

[Event "CZE-ch U10 2020"]
[Site "Kouty nad Desnou"]
[Date "2020.03.11"]
[Round "6.10"]
[White "Ruzicka, Oto"]
[Black "Soucek, Andrej"]
[Result "0-1"]
[WhiteElo "1168"]
[BlackElo "1043"]
[Annotator "NA RC"]
[PlyCount "100"]
[EventDate "2020.03.07"]
[EventCountry "CZE"]
[SourceTitle "playchess.com"]
[Source "ChessBase"]
[SourceQuality "1"]
[TimeControl "5400+30"]

1. e4 {[%emt 0:00:00]} c5 {[%emt 0:00:00]} 2. Nf3 {[%emt 0:00:00]} Nc6 {[%emt 0:00:04]} 3. d4 {[%emt 0:00:15]} cxd4 {[%emt 0:00:32]} 4. Nxd4 {[%emt 0:00:17]} g6 {[%emt 0:00:29]} 5. Nc3 {[%emt 0:00:47]} Bg7 {[%emt 0:00:35]} 6. Be3 {[%emt 0:00:46]} Nf6 {[%emt 0:00:34]} 7. Bc4 {[%emt 0:03:06]} O-O {[%emt 0:00:26]} 8. Qe2 {[%emt 0:06:24]} Nxe4 {[%emt 0:01:24]} 9. Nxe4 {[%emt 0:00:20]} d5 {[%emt 0:00:31]} 10. Bxd5 {[%emt 0:01:47]} Qxd5 {[%emt 0:00:29]} 11. Nc3 {[%emt 0:00:44]} Qd8 {[%emt 0:00:40]} 12. O-O-O {[%emt 0:02:12]} Nxd4 {[%emt 0:00:28]} 13. Bxd4 {[%emt 0:00:58]} Bxd4 {[%emt 0:00:29]} 14. Nb5 {[%emt 0:02:34]} e5 {[%emt 0:01:50]} 15. Qc4 {[%emt 0:03:40]} Be6 {[%emt 0:00:41]} 16. Qb4 {[%emt 0:04:49]} Qg5+ {[%emt 0:01:56]} 17. Kb1 {[%emt 0:02:18]} Qxg2 {[%emt 0:00:45]} 18. Nxd4 {[%emt 0:03:37]} exd4 {[%emt 0:00:22]} 19. Qe7 {[%emt 0:04:02]} Qxf2 {[%emt 0:02:37]} 20. Qxb7 {[%emt 0:01:33]} Bf5 {[%emt 0:02:20]} 21. Rc1 {[%emt 0:07:32]} d3 {[%emt 0:00:43]} 22. Ka1 {[%emt 0:07:10]} dxc2 {[%emt 0:00:57]} 23. Qb5 {[%emt 0:05:45]} Qb6 {[%emt 0:01:03]} 24. Qa4 {[%emt 0:02:32]} Rab8 {[%emt 0:01:08]} 25. Qa3 {[%emt 0:00:59]} Qb4 {[%emt 0:00:38]} 26. Qc3 {[%emt 0:02:43]} Qxc3 {[%emt 0:00:21]} 27. bxc3 {[%emt 0:02:18]} Rb1+ {[%emt 0:00:09]} 28. Rxb1 {[%emt 0:00:26]} cxb1=Q+ 29. Rxb1 Bxb1 {[%emt 0:01:00]} 30. Kxb1 {[%emt 0:00:54]} f5 {[%emt 0:00:11]} 31. Kc2 {[%emt 0:00:11]} f4 {[%emt 0:00:07]} 32. Kd2 {[%emt 0:00:12]} f3 {[%emt 0:00:14]} 33. Ke1 {[%emt 0:00:26]} h5 {[%emt 0:00:49]} 34. Kf2 {[%emt 0:00:35]} g5 {[%emt 0:00:12]} 35. c4 {[%emt 0:00:20]} g4 {[%emt 0:00:07]} 36. c5 {[%emt 0:02:03]} h4 {[%emt 0:00:05]} 37. c6 {[%emt 0:00:14]} g3+ {[%emt 0:00:10]} 38. hxg3 {[%emt 0:00:12]} hxg3+ {[%emt 0:00:08]} 39. Ke3 {[%emt 0:00:31]} f2 {[%emt 0:00:32]} 40. c7 {[%emt 0:00:11]} f1=Q {[%emt 0:00:14]} 41. Kd4 {[%emt 0:00:25]} Rc8 {[%emt 0:00:25]} 42. Kd5 {[%emt 0:00:22]} Rxc7 {[%emt 0:00:06]} 43. Ke5 {[%emt 0:01:00]} Rc4 {[%emt 0:01:00]} 44. Kd5 {[%emt 0:00:56]} Qd3+ {[%emt 0:00:12]} 45. Ke5 {[%emt 0:01:10]} Qd4+ {[%emt 0:00:14]} 46. Kf5 {[%emt 0:00:26]} Rc5+ {[%emt 0:00:11]} 47. Ke6 {[%emt 0:00:49]} Qd5+ {[%emt 0:00:31]} 48. Kf6 {[%emt 0:02:10]} Rc6+ {[%emt 0:00:14]} 49. Ke7 {[%emt 0:00:15]} Qd6+ {[%emt 0:00:18]} 50. Ke8 {[%emt 0:00:32]} Rc8# {[%emt 0:00:05]} 0-1

[Event "CZE-ch U10 2020"]
[Site "Kouty nad Desnou"]
[Date "2020.03.11"]
[Round "6.11"]
[White "Policar, Martin"]
[Black "Stefaniv, Vladyslav"]
[Result "1-0"]
[WhiteElo "1264"]
[BlackElo "1265"]
[Annotator "NA"]
[PlyCount "61"]
[EventDate "2020.03.07"]
[EventCountry "CZE"]
[SourceTitle "playchess.com"]
[Source "ChessBase"]
[SourceQuality "1"]
[TimeControl "5400+30"]

1. e4 {[%emt 0:00:00]} c5 {[%emt 0:00:00]} 2. d4 {[%emt 0:00:01]} cxd4 {[%emt 0:00:00]} 3. c3 {[%emt 0:00:35]} dxc3 {[%emt 0:00:00]} 4. Nxc3 {[%emt 0:00:42]} e6 {[%emt 0:00:11]} 5. Nf3 {[%emt 0:02:29]} Nc6 {[%emt 0:01:12]} 6. Bc4 {[%emt 0:03:04]} a6 {[%emt 0:04:55]} 7. a4 {[%emt 0:02:10]} Nf6 {[%emt 0:04:34]} 8. Bf4 {[%emt 0:05:12]} d6 {[%emt 0:08:56]} 9. Qd2 {[%emt 0:07:36]} h6 {[%emt 0:20:34]} 10. Rd1 {[%emt 0:00:53]} e5 {[%emt 0:03:04]} 11. Bg3 {[%emt 0:02:07]} Bg4 {[%emt 0:09:46]} 12. Be2 {[%emt 0:06:22]} Bxf3 {[%emt 0:04:39]} 13. Bxf3 {[%emt 0:01:25]} Qc7 {[%emt 0:11:12]} 14. Nd5 {[%emt 0:04:44]} Nxd5 {[%emt 0:03:45]} 15. exd5 {[%emt 0:02:06]} Nd4 {[%emt 0:02:27]} 16. Be4 {[%emt 0:01:27]} f5 {[%emt 0:04:52]} 17. Bb1 {[%emt 0:02:20]} Rc8 {[%emt 0:01:10]} 18. Qe3 {[%emt 0:01:17]} Nc2+ {[%emt 0:07:30]} 19. Bxc2 {[%emt 0:00:45]} Qxc2 {[%emt 0:00:03]} 20. f4 {[%emt 0:05:16]} e4 {[%emt 0:00:28]} 21. O-O {[%emt 0:01:13]} Qxb2 {[%emt 0:01:15]} 22. Rb1 {[%emt 0:00:14]} Qc3 {[%emt 0:00:31]} 23. Qxc3 {[%emt 0:03:24]} Rxc3 {[%emt 0:00:03]} 24. Rxb7 {[%emt 0:00:10]} Ra3 {[%emt 0:00:11]} 25. Rc1 {[%emt 0:00:07]} Be7 {[%emt 0:01:46]} 26. Rc8+ {[%emt 0:00:14]} Bd8 {[%emt 0:00:16]} 27. Bh4 {[%emt 0:00:12]} Ra1+ {[%emt 0:02:36]} 28. Kf2 {[%emt 0:00:07]} Ra2+ {[%emt 0:01:25]} 29. Ke1 {[%emt 0:00:03]} Ra1+ {[%emt 0:00:34]} 30. Kd2 {[%emt 0:00:04]} e3+ {[%emt 0:01:46]} 31. Kc2 {[%emt 0:00:46]} 1-0

[Event "CZE-ch U10 2020"]
[Site "Kouty nad Desnou"]
[Date "2020.03.11"]
[Round "6.12"]
[White "Stejskal, Jakub"]
[Black "Letal, Hynek"]
[Result "0-1"]
[WhiteElo "1557"]
[BlackElo "1127"]
[Annotator "NA RC"]
[PlyCount "38"]
[EventDate "2020.03.07"]
[EventCountry "CZE"]
[SourceTitle "playchess.com"]
[Source "ChessBase"]
[SourceQuality "1"]
[TimeControl "5400+30"]

1. e4 {[%emt 0:00:00]} c5 {[%emt 0:00:00]} 2. Nc3 {[%emt 0:09:52]} Nc6 {[%emt 0:00:17]} 3. Nf3 {[%emt 0:07:17]} Nf6 {[%emt 0:00:26]} 4. Bc4 {[%emt 0:01:28]} g6 {[%emt 0:00:49]} 5. d4 {[%emt 0:05:59]} cxd4 {[%emt 0:00:33]} 6. Nxd4 {[%emt 0:00:14]} Bg7 {[%emt 0:00:16]} 7. Nxc6 {[%emt 0:06:19]} bxc6 {[%emt 0:00:31]} 8. e5 {[%emt 0:00:52]} Ng4 {[%emt 0:03:56]} 9. f4 {[%emt 0:02:29]} d6 {[%emt 0:03:08]} 10. e6 {[%emt 0:10:50]} f5 {[%emt 0:02:05]} 11. O-O {[%emt 0:04:40]} O-O {[%emt 0:02:16]} 12. Qd3 {[%emt 0:08:10]} d5 {[%emt 0:01:37]} 13. Bb3 {[%emt 0:00:28]} Qb6+ {[%emt 0:01:47]} 14. Kh1 {[%emt 0:10:23]} Nf2+ {[%emt 0:00:23]} 15. Rxf2 {[%emt 0:02:30]} Qxf2 {[%emt 0:00:35]} 16. Be3 {[%emt 0:00:38]} Qh4 {[%emt 0:00:19]} 17. Rd1 {[%emt 0:04:01]} Bxe6 {[%emt 0:03:01]} 18. Qe2 {[%emt 0:00:36]} Bf7 {[%emt 0:02:32]} 19. Bf2 {[%emt 0:00:12]} Qxf4 {[%emt 0:02:55]} 0-1

[Event "CZE-ch U10 2020"]
[Site "Kouty nad Desnou"]
[Date "2020.03.12"]
[Round "7.1"]
[White "Delgerdalai, Bayarjavkhlan"]
[Black "Popov, Roman"]
[Result "1-0"]
[WhiteElo "1553"]
[BlackElo "2353"]
[Annotator "TA"]
[PlyCount "75"]
[EventDate "2020.03.07"]
[EventCountry "CZE"]
[SourceTitle "playchess.com"]
[Source "ChessBase"]
[SourceQuality "1"]

{[%evp 24,75,32,9,36,33,45,51,54,36,36,33,42,56,69,49,65,71,90,76,97,86,92,38,88,37,71,47,42,22,61,0,0,0,0,0,0,0,0,0,0,0,0,0,0,0,0,0,566,543,29989,29990,29991,29992]} 1. e4 c6 2. d4 d5 3. Nc3 dxe4 4. Nxe4 Bf5 5. Ng3 Bg6 6. h4 h6 7. h5 Bh7 8. Nf3 Nd7 9. Bd3 Bxd3 10. Qxd3 e6 11. Bf4 Ngf6 12. O-O-O Nd5 13. Bd2 Qc7 {B19: Classical Caro-Kann: 4...Bf5 main line.} 14. Kb1 O-O-O 15. c4 N5f6 {White is slightly better.} 16. Bc3 Bd6 17. Ne4 Nxe4 18. Qxe4 Nf6 19. Qe2 Rhe8 20. Ne5 Bxe5 21. dxe5 Rxd1+ 22. Rxd1 Nd7 23. f4 {[#]} (23. b3 $16) 23... Nc5 $146 ({Predecessor:} 23... Rd8 24. g4 Nc5 25. Bb4 Rxd1+ 26. Qxd1 Qd7 27. Qxd7+ Nxd7 28. Bd6 Kd8 29. f5 exf5 30. gxf5 Ke8 {1-0 (45) Diederichsen,D (2155)-Lange,R Germany 1997}) 24. Qe3 (24. Bb4 $16 b6 25. Bxc5 bxc5 26. Qf3) 24... b6 25. g4 Rd8 26. Rd4 Na4 27. g5 (27. Rxd8+ $14 Qxd8 28. Bd2) 27... Nxc3+ 28. bxc3 c5 29. Rxd8+ Qxd8 $11 {[%mdl 4096] Endgame KQ-KQ} 30. Kc2 a6 31. Qe4 Kc7 32. gxh6 gxh6 33. Qh7 Qf8 34. f5 Kc6 35. f6 Kd7 $2 {[%mdl 8192]} (35... Qb8 $11) 36. Qg7 $18 Ke8 37. Qg2 Kd7 {[#]} 38. Qb7+ $1 {[%mdl 576] Double Attack. Accuracy: White = 84%, Black = 71%.} 1-0